| 000 | 00507nam a2200181Ia 4500 | ||
|---|---|---|---|
| 999 |
_c2883 _d2883 |
||
| 020 | _a81-7827-065-x | ||
| 082 | _a305.408622 ARO-; | ||
| 100 | _aArora, Poonam | ||
| 245 | 0 | _aProfessional women: family conflicts & stress | |
| 260 |
_aNew Delhi _bManak Publications _c2003 |
||
| 300 | _ax, 283p. | ||
| 504 | _aIncludes index | ||
| 650 | _aWomen - Social conditions - India | ||
| 650 | _aWomen in the professions - India | ||
| 650 | _aWomen - India | ||
| 650 | _aWomen - Psychology - India | ||
| 942 | _cBK | ||